La venganza de una loca o, Dramas de la Dictadura. Novela histórica original

Gespeichert in:
Bibliographische Detailangaben
1. Verfasser: Mar i Rotti, Luis de la (autor)
Format: Buch
Sprache:Spanisch
Veröffentlicht: Santiago Imprenta y Encuadernación Chilena 1891
Ausgabe:1a. ed
Schriftenreihe:Episodios nacionales
Schlagworte:
Tags: Tag hinzufügen
Keine Tags, Fügen Sie den ersten Tag hinzu!

MARC

LEADER 00000nam a2200000 a 4500
001 UCJ6279
003 CL-VaPUC
008 070124e18911215CL |||||||||||||||||spa|d
082 0 4 |a Ch863  |b MAR  |2 21 
100 |a Mar i Rotti, Luis de la  |e autor  |9 512744 
245 1 3 |a La venganza de una loca o, Dramas de la Dictadura. Novela histórica original 
250 |a 1a. ed 
300 |a 93 p 
942 |c BK 
945 |d 20070124 00:00:00  |a rinostro 
260 |a Santiago  |b Imprenta y Encuadernación Chilena  |c 1891 
500 |a Advierte errata 
650 7 |a GUERRA CIVIL DE 1891  |2 CL-VaPUC  |9 408173 
650 7 |a NOVELA HISTORICA  |2 CL-VaPUC  |9 315497 
583 |a last modification  |c 20070124 00:00:00  |k Rodrigo Vera 
490 0 |a Episodios nacionales 
999 |c 322387  |d 322385 
952 |0 0  |1 0  |4 0  |6 CH_863_000000000000000_MAR_1891  |7 0  |8 X  |9 401368  |a FDOBUD  |b FDOBUD  |d 2019-11-22  |i 1046020  |o Ch863 MAR 1891  |p 1046020  |r 2019-11-22  |w 2019-11-22  |y BK_X  |k BUD